[Event "Sochi Doroshkevich Amateur op"]
[Site "Sochi"]
[Date "2017.12.28"]
[Round "9"]
[White "Kuryshkin, Anatoliy"]
[Black "Bigvava, Roland"]
[Result "0-1"]
[WhiteElo "1973"]
[BlackElo "1788"]
[PlyCount "58"]
[EventDate "2017.12.21"]
[EventType "swiss"]
[EventRounds "9"]
[EventCountry "RUS"]
[SourceTitle "CBM 182 Extra"]
[Source "ChessBase"]
[SourceDate "2018.02.23"]
[SourceVersion "1"]
[SourceVersionDate "2018.02.23"]
[SourceQuality "1"]

1. e4 e6 2. d4 d5 3. Nd2 c5 4. exd5 Qxd5 5. Ngf3 Nf6 6. Bc4 Qd8 7. 0-0 Nc6 8. Nb3 cxd4 9. Nbxd4 Bd7 10. Nb5 Qb8 11. Re1 a6 12. Nc3 Be7 13. Bg5 Qc7 14. Bxf6 Bxf6 15. Nd5 Qd8 16. Nxf6+ Qxf6 17. Qd6 Qe7 18. Rad1 Qxd6 19. Rxd6 Ke7 20. Red1 Rad8 21. Ng5 Ne5 22. Bb3 h6 23. Ne4 Bc6 24. Rxd8 Rxd8 25. Rxd8 Kxd8 26. Nc5 Kc7 27. f4 Nd7 28. Nd3 Kd6 29. Kf2 f6 0-1

[Event "Sochi Doroshkevich Amateur op"]
[Site "Sochi"]
[Date "2017.12.26"]
[Round "7"]
[White "Prishchenko, Andrey"]
[Black "Bigvava, Roland"]
[Result "0-1"]
[WhiteElo "1430"]
[BlackElo "1788"]
[PlyCount "68"]
[EventDate "2017.12.21"]
[EventType "swiss"]
[EventRounds "9"]
[EventCountry "RUS"]
[SourceTitle "CBM 182 Extra"]
[Source "ChessBase"]
[SourceDate "2018.02.23"]
[SourceVersion "1"]
[SourceVersionDate "2018.02.23"]
[SourceQuality "1"]

1. e4 e6 2. d4 d5 3. exd5 exd5 4. Bd3 Bd6 5. Qf3 Be6 6. Ne2 Nf6 7. h3 0-0 8. 0-0 Nbd7 9. Bf4 Nb6 10. Nd2 a5 11. Rfe1 a4 12. a3 Nc8 13. Rad1 c6 14. g4 Ne8 15. Qg3 Bxf4 16. Nxf4 Nc7 17. Nf3 Nd6 18. Ne5 g5 19. Nh5 f6 20. Nf3 Qd7 21. c3 Rae8 22. Re3 Nc4 23. Bxc4 dxc4 24. Rde1 Nd5 25. R3e2 Bf7 26. h4 Bxh5 27. gxh5 Nf4 28. Rxe8 Rxe8 29. Rxe8+ Qxe8 30. Qg4 h6 31. Kh2 Nxh5 32. hxg5 hxg5 33. Nd2 Qf7 34. Ne4 Nf4 0-1

[Event "Sochi Doroshkevich Amateur op"]
[Site "Sochi"]
[Date "2017.12.23"]
[Round "3"]
[White "Bigvava, Roland"]
[Black "Apryshko, Gleb"]
[Result "0-1"]
[WhiteElo "1788"]
[BlackElo "2282"]
[PlyCount "70"]
[EventDate "2017.12.21"]
[EventType "swiss"]
[EventRounds "9"]
[EventCountry "RUS"]
[SourceTitle "CBM 182 Extra"]
[Source "ChessBase"]
[SourceDate "2018.02.23"]
[SourceVersion "1"]
[SourceVersionDate "2018.02.23"]
[SourceQuality "1"]

1. e4 g6 2. d4 Bg7 3. Nc3 a6 4. Nf3 d6 5. Be3 Nd7 6. Be2 e6 7. Qd2 h6 8. a4 b6 9. 0-0 Ne7 10. h3 Bb7 11. Nh2 Nf6 12. Bd3 c5 13. dxc5 bxc5 14. Rfd1 Qc7 15. Bf4 Nc6 16. Re1 Nd7 17. Nf1 Nde5 18. Ne3 g5 19. Bg3 0-0-0 20. Qe2 Nb4 21. a5 Nec6 22. Nc4 Nd4 23. Qd2 f5 24. exf5 exf5 25. f4 Bf6 26. Ne2 Qc6 27. Nxd4 Bxd4+ 28. Kh2 Nxd3 29. cxd3 Rhg8 30. Re2 Rg6 31. Rc1 Rdg8 32. Rc2 Kb8 33. b4 Ka7 34. bxc5 gxf4 35. Bxf4 Bc3 0-1

[Event "Sochi Doroshkevich Amateur op"]
[Site "Sochi"]
[Date "2017.12.22"]
[Round "2"]
[White "Yakimenko, Alexander A"]
[Black "Bigvava, Roland"]
[Result "0-1"]
[WhiteElo "2182"]
[BlackElo "1788"]
[PlyCount "92"]
[EventDate "2017.12.21"]
[EventType "swiss"]
[EventRounds "9"]
[EventCountry "RUS"]
[SourceTitle "CBM 182 Extra"]
[Source "ChessBase"]
[SourceDate "2018.02.23"]
[SourceVersion "1"]
[SourceVersionDate "2018.02.23"]
[SourceQuality "1"]

1. e4 e6 2. d4 d5 3. Nc3 Nf6 4. Bg5 dxe4 5. Nxe4 Nbd7 6. Nf3 Be7 7. Nxf6+ Nxf6 8. Bd3 h6 9. Bh4 Nd5 10. Bxe7 Qxe7 11. Qd2 Bd7 12. a3 c5 13. c4 Nf6 14. dxc5 Qxc5 15. Qb4 Qc7 16. 0-0 a5 17. Qc3 0-0 18. b3 Rfd8 19. Rfd1 Bc6 20. Be2 Be4 21. h3 Nd5 22. Qd4 Nf6 23. Qe5 Rxd1+ 24. Rxd1 Qb6 25. Nd4 Rc8 26. Nb5 Rd8 27. Rd4 Rxd4 28. Nxd4 Qd8 29. b4 axb4 30. axb4 Qa8 31. f3 Bg6 32. Nb5 Qa2 33. Bf1 Qb1 34. Qc3 Nh5 35. Kf2 Qa2+ 36. Be2 Nf4 37. Qe3 Nd3+ 38. Kg3 Nxb4 39. Nd6 Qb1 40. c5 Nd5 41. Qd2 Qg1 42. Nxb7 Ne3 43. Bb5 Nf5+ 44. Kg4 Qh2 45. Qf2 h5+ 46. Kg5 Kh7 0-1